000
00309nam a2200133Ia 4500
005
20251222143316.0
008
251222s9999||||xx |||||||||||||| ||spa||
020
_a
84-234-1212-1
082
_a
658.402/L65
100
_a
Lynch, Richard L.
245
0
_a
La Mejora Continua:
264
_b
Deusto
942
_c
LIB
999
_c
15894
_d
15894